|
|
|
|
| LEADER |
00000nab a2200000 a 4500 |
| 001 |
vtls010552318 |
| 003 |
SK-MaSNL |
| 005 |
20260304034548.0 |
| 008 |
131021c2013 xo wr n 0 0slo |
| 038 |
|
|
|a SLLK
|
| 040 |
|
|
|a SLLK
|b slo
|c sllk
|e AACR2
|
| 041 |
|
|
|a slo
|
| 044 |
|
|
|a xo
|c SK
|
| 080 |
|
|
|a 94
|x (437.6)
|2 2001
|
| 100 |
1 |
|
|a Knapik, Rastislav,
|d 1979-
|4 aut
|9 1317508
|
| 245 |
1 |
0 |
|a Čo napísal kráľ Ľudovít I. do trhovej listiny v roku 1364?
|c Rastilav Knapik
|
| 300 |
|
|
|b Obr.
|
| 600 |
0 |
7 |
|a Ľudovít
|b I.,
|c uhorský a poľský kráľ,
|d 1326-1382
|2 sllk
|
| 648 |
|
7 |
|a 1364
|2 snkbucl
|9 288182
|
| 650 |
0 |
7 |
|a kráľovské mestá
|2 sllk
|9 80023
|
| 650 |
0 |
7 |
|a trhové privilégiá
|2 sllk
|9 59414
|
| 650 |
0 |
7 |
|a dejiny miest
|2 SNKPH
|9 164833
|
| 651 |
|
7 |
|a Stará Ľubovňa (Slovensko)
|2 snkbucl
|9 19193
|
| 773 |
0 |
|
|t Ľubovnianske noviny
|g Roč. XXXVII, č. 37 (2013), s. 3
|x 1338-0346
|
| 999 |
|
|
|c 2653750
|d 2655680
|